<?xml version="1.0" encoding="UTF-8"?>
<record
    xmlns:xsi="http://www.w3.org/2001/XMLSchema-instance"
    xsi:schemaLocation="http://www.loc.gov/MARC21/slim http://www.loc.gov/standards/marcxml/schema/MARC21slim.xsd"
    xmlns="http://www.loc.gov/MARC21/slim">

  <leader>00520nam a22001697a 4500</leader>
  <controlfield tag="003">NUST</controlfield>
  <controlfield tag="005">20240306114137.0</controlfield>
  <controlfield tag="008">240306b           ||||| |||| 00| 0 eng d</controlfield>
  <datafield tag="020" ind1=" " ind2=" ">
    <subfield code="a">9780645267204</subfield>
  </datafield>
  <datafield tag="038" ind1=" " ind2=" ">
    <subfield code="a">Malang Jan</subfield>
  </datafield>
  <datafield tag="082" ind1=" " ind2=" ">
    <subfield code="a">153.8</subfield>
    <subfield code="b">SEN</subfield>
  </datafield>
  <datafield tag="100" ind1="1" ind2=" ">
    <subfield code="a">Senanayake,Rashan </subfield>
    <subfield code="9">121886</subfield>
  </datafield>
  <datafield tag="245" ind1=" " ind2=" ">
    <subfield code="a"> Inspired Success: Designing Your Own Definition Of Success:</subfield>
    <subfield code="b">Designing Your Own Definition of Success/</subfield>
    <subfield code="c">by Rashan Senanayake</subfield>
  </datafield>
  <datafield tag="260" ind1=" " ind2=" ">
    <subfield code="b">Rashan Senanayaka;</subfield>
    <subfield code="c">2021.</subfield>
  </datafield>
  <datafield tag="300" ind1=" " ind2=" ">
    <subfield code="a">259p.:</subfield>
    <subfield code="b">Ill;</subfield>
  </datafield>
  <datafield tag="942" ind1=" " ind2=" ">
    <subfield code="2">ddc</subfield>
    <subfield code="c">BK</subfield>
  </datafield>
  <datafield tag="999" ind1=" " ind2=" ">
    <subfield code="c">608573</subfield>
    <subfield code="d">608573</subfield>
  </datafield>
  <datafield tag="952" ind1=" " ind2=" ">
    <subfield code="0">0</subfield>
    <subfield code="1">0</subfield>
    <subfield code="2">ddc</subfield>
    <subfield code="4">0</subfield>
    <subfield code="7">0</subfield>
    <subfield code="a">SADA</subfield>
    <subfield code="b">SADA</subfield>
    <subfield code="d">2022-03-10</subfield>
    <subfield code="e">Rashan Senanayake</subfield>
    <subfield code="l">0</subfield>
    <subfield code="o">153.8 SEN 2021</subfield>
    <subfield code="p">SADA0002935</subfield>
    <subfield code="r">2024-03-06</subfield>
    <subfield code="t">01</subfield>
    <subfield code="v">3395.00</subfield>
    <subfield code="w">2024-03-06</subfield>
    <subfield code="y">BK</subfield>
  </datafield>
  <datafield tag="952" ind1=" " ind2=" ">
    <subfield code="0">0</subfield>
    <subfield code="1">0</subfield>
    <subfield code="2">ddc</subfield>
    <subfield code="4">0</subfield>
    <subfield code="7">0</subfield>
    <subfield code="a">SADA</subfield>
    <subfield code="b">SADA</subfield>
    <subfield code="d">2022-03-10</subfield>
    <subfield code="e">Rashan Senanayake</subfield>
    <subfield code="l">0</subfield>
    <subfield code="o">153.8 SEN 2021</subfield>
    <subfield code="p">SADA0002936</subfield>
    <subfield code="r">2024-03-06</subfield>
    <subfield code="t">02</subfield>
    <subfield code="v">3395.00</subfield>
    <subfield code="w">2024-03-06</subfield>
    <subfield code="y">BK</subfield>
  </datafield>
  <datafield tag="952" ind1=" " ind2=" ">
    <subfield code="0">0</subfield>
    <subfield code="1">0</subfield>
    <subfield code="2">ddc</subfield>
    <subfield code="4">0</subfield>
    <subfield code="7">0</subfield>
    <subfield code="a">SADA</subfield>
    <subfield code="b">SADA</subfield>
    <subfield code="d">2022-03-10</subfield>
    <subfield code="e">Rashan Senanayake</subfield>
    <subfield code="l">0</subfield>
    <subfield code="o">153.8 SEN 2021</subfield>
    <subfield code="p">SADA0002937</subfield>
    <subfield code="r">2024-03-06</subfield>
    <subfield code="t">03</subfield>
    <subfield code="v">3395.00</subfield>
    <subfield code="w">2024-03-06</subfield>
    <subfield code="y">BK</subfield>
  </datafield>
  <datafield tag="952" ind1=" " ind2=" ">
    <subfield code="0">0</subfield>
    <subfield code="1">0</subfield>
    <subfield code="2">ddc</subfield>
    <subfield code="4">0</subfield>
    <subfield code="7">0</subfield>
    <subfield code="a">SADA</subfield>
    <subfield code="b">SADA</subfield>
    <subfield code="d">2022-03-10</subfield>
    <subfield code="e">Rashan Senanayake</subfield>
    <subfield code="l">0</subfield>
    <subfield code="o">153.8 SEN 2021</subfield>
    <subfield code="p">SADA0002938</subfield>
    <subfield code="r">2024-03-06</subfield>
    <subfield code="t">04</subfield>
    <subfield code="v">3395.00</subfield>
    <subfield code="w">2024-03-06</subfield>
    <subfield code="y">BK</subfield>
  </datafield>
</record>
